00822cam a2200229 a 450000100100000000500170001000800410002702000150006804000250008308200220010810000450013024501000017525000250027526000320030030000210033249000360035350000730038965000240046265000370048670000330052383000360055600000601720260429135247.0890118s1980 sp b 000 0 spa  a8437600243 aDO-SdBNPbspacBNPHU axxxxbL431c, 19801 aLazáro Carreter, Fernando,d1923-2004.10aCómo se comenta un texto literario /cFernando Lázaro Carreter, Evaristo Correa Calderón. a18. ed. rev. y ampl. aMadrid :bCátedra,c1980. a205 p. ;c22 cm.1 aCrítica y estudios literarios aIncluye referencias bibliográficas y notas al pie de las páginas 4aCrítica literaria 0aLiteraturaxHistoria y crítica1 aCorrea Calderón, Evaristo. 0aCrítica y estudios literarios